Statistics for Квиз о Румунији

Click here to take the quiz!

General Stats

  • This quiz has been taken 172 times
  • The average score is 14 of 20

Answer Stats

ОписОдговор% Correct
Главни градБукурешт
99%
Државе са којима се граничиСрбија
99%
Море на које Румунија излази{Црно} море
98%
Државе са којима се граничиБугарска
97%
Државе са којима се граничиМађарска
97%
Државе са којима се граничиМолдавија
94%
Најдужа рекаДунав
93%
Државе са којима се граничиУкрајина
92%
Измишљени гроф, за којег је инспирација био владар из одговора изнадДракула
84%
Планински венац који се налази у РумунијиКарпати
81%
Историјска регија Румуније чије име почиње на ТТрансилванија
74%
Румунски произвођач аутомобила, који чини 8% извоза ове државеДачија
69%
Средњовековни владар, познат по набијању на колацВлад III Цепеш
62%
Европска држава која је дом за
1.2 милиона Румуна
Италија
56%
Историјска регија Румуније чије име почиње на ВВлашка
49%
Други највећи град{Клуж}-Напока
46%
Начин на који је бивши диктатор Николаје Чаушеску погубљен 1989.Стрељање
45%
Гимнастичарка која је освојила шест 10-ки на Олимпијским играма 1976.Нађа Команечи
30%
Именуј једну од четири државе која има мању стопу фертилитета од РумунијеСингапур | Тајван |
Јужна Кореја | Босна и Херцеговина
16%
Последњи краљ Румуније, приморан да абдицира 1947, живео је још 70 година након тогаМихај Румунски
6%

Score Distribution

Percentile by Number Answered

Percent of People with Each Score

Your Score History

You have not taken this quiz